|
|
|
|
| LEADER |
00000naa2a2200000 4500 |
| 001 |
626862 |
| 005 |
20240111132350.0 |
| 035 |
|
|
|a (RuTPU)RU\TPU\conf\26516
|
| 035 |
|
|
|a RU\TPU\conf\26513
|
| 090 |
|
|
|a 626862
|
| 100 |
|
|
|a 20180806d2018 k y0rusy50 ca
|
| 101 |
0 |
|
|a rus
|
| 102 |
|
|
|a RU
|
| 105 |
|
|
|a y z 101zy
|
| 135 |
|
|
|a drgn ---uucaa
|
| 181 |
|
0 |
|a i
|
| 182 |
|
0 |
|a b
|
| 200 |
1 |
|
|a Использование бензила в синтезе производных бензгидрилмочевин
|f Ч. М. Салчак, В. Ю. Куксёнок
|g науч. рук. В. В. Штрыкова
|
| 203 |
|
|
|a Текст
|c электронный
|
| 225 |
1 |
|
|a Химия и химическая технология органических веществ и материалов
|
| 300 |
|
|
|a Заглавие с экрана
|
| 320 |
|
|
|a [Библиогр.: с. 228-229 (5 назв.)]
|
| 463 |
|
0 |
|0 (RuTPU)RU\TPU\conf\26227
|t Химия и химическая технология в XXI веке
|o материалы XIX Международной научно-практической конференции студентов и молодых ученых имени профессора Л. П. Кулёва, 21-24 мая 2018 г., г. Томск
|f Национальный исследовательский Томский политехнический университет
|v [С. 228-229]
|d 2018
|
| 610 |
1 |
|
|a электронный ресурс
|
| 610 |
1 |
|
|a труды учёных ТПУ
|
| 610 |
1 |
|
|a мочевина
|
| 610 |
1 |
|
|a синтез
|
| 610 |
1 |
|
|a производные
|
| 610 |
1 |
|
|a бензгидрилмочевины
|
| 610 |
1 |
|
|a биологическая активность
|
| 700 |
|
1 |
|a Салчак
|b Ч. М.
|
| 701 |
|
1 |
|a Куксёнок
|b В. Ю.
|c химик
|c старший преподаватель Томского политехнического университета, кандидат химических наук
|f 1989-
|g Вера Юрьевна
|3 (RuTPU)RU\TPU\pers\30848
|9 15094
|
| 702 |
|
1 |
|a Штрыкова
|b В. В.
|c химик
|c доцент Томского политехнического университета, кандидат химических наук
|f 1962-
|g Виктория Викторовна
|4 727
|
| 712 |
0 |
2 |
|a Национальный исследовательский Томский политехнический университет
|b Инженерная школа новых производственных технологий
|b Научно-образовательный центр Н. М. Кижнера
|3 (RuTPU)RU\TPU\col\23556
|
| 801 |
|
2 |
|a RU
|b 63413507
|c 20180821
|g RCR
|
| 856 |
4 |
|
|u http://earchive.tpu.ru/handle/11683/49699
|
| 942 |
|
|
|c BK
|